| 000 | 01141cam a22003377a 4500 | ||
|---|---|---|---|
| 003 | CHAP | ||
| 005 | 20220329142241.0 | ||
| 008 | 000328d1991 it rn 00110 eng d | ||
| 010 | _a80567 | ||
| 011 | _a81539 | ||
| 020 | _a9251030685 | ||
| 035 | _a92011 | ||
| 040 | _cCHAP | ||
| 082 | 1 | 0 |
_a639.2 _bF46 v.449 |
| 110 | 2 |
_aFAO. General Fisheries Council for the Mediterranean _939568 |
|
| 245 | 1 | 0 |
_aReport of the GECM-ICCAT expert consultation on evaluation of stocks of large pelagic fishes in the mediterranean area _c/by FAO |
| 260 |
_aRome : _bFAO, _c1991 |
||
| 300 |
_a282 p. : _bgráfs. |
||
| 490 | 0 |
_aFAO. Informe de pesca _v; 449 |
|
| 590 |
_aBATCH-UPD _b10 _c20130110 _lUCH01 _h1043 |
||
| 590 |
_aBATCH-UPD _b10 _c20130410 _lUCH01 _h0643 |
||
| 590 |
_aBATCH-UPD _b10 _c20130914 _lUCH01 _h0427 |
||
| 590 |
_aCONVERSION _b10 _c20130109 _lUCH01 _h1345 |
||
| 650 | 1 | 4 |
_aAtún. _98265 |
| 650 | 1 | 4 |
_aProductos pesqueros. _992201 |
| 830 | 0 |
_aFAO. Informe de pesca _v; 449 _939587 |
|
| 901 | _aBK | ||
| 905 | _aPatricia Mendoza P. | ||
| 942 | _cLIBRO | ||
| 949 |
_a639.2 F46 v.449 _bBC _cFAO _d33724000771283 _eFAO1 _gDonaciØn _h81251 _i92011 _sb |
||
| 999 |
_c80567 _d80567 |
||